02100 2200853 4500001002100000005001500021035002000036245007300056100001200129250000600141300003500147700001700182260003300199082001200232084001800244020002200262650001000284990001700294990001700311990001700328990001700345990001700362990001700379990001700396990001700413990001700430990001700447990001700464990001700481990001700498990001700515990001700532990001700549990001700566990001700583990001700600990001700617990001700634990001700651990001700668990001700685990001700702990001700719990001700736990001700753990001700770990001700787990001700804990001700821990001700838990001700855990001700872990001700889990001700906990001700923990001700940990001700957990001700974990001700991990001701008990001701025990001701042990001701059990001701076990001701093990001701110990001701127990001701144990001701161990001701178990001701195990001701212990001701229INLIS00000000000014320180831025517 a0010-08180001071 aMelestarikam Budaya Batik Nusantara /cJusmail; Editor, Epik Finilih0 aJusmail a- aiv, 52 hlm. :bilus. ;c25 cm.0 aEpik Finilih aDepok :bCV Arya Duta,c2011 a746.662 a746.662 JUS m a978-979-094-115-1 aBatik a00609/P/2018 a00610/P/2018 a00611/P/2018 a00612/P/2018 a00613/P/2018 a00614/P/2018 a00615/P/2018 a00609/P/2018 a00610/P/2018 a00611/P/2018 a00612/P/2018 a00613/P/2018 a00614/P/2018 a00615/P/2018 a00610/P/2018 a00609/P/2018 a00611/P/2018 a00612/P/2018 a00613/P/2018 a00614/P/2018 a00615/P/2018 a00611/P/2018 a00609/P/2018 a00610/P/2018 a00612/P/2018 a00613/P/2018 a00614/P/2018 a00615/P/2018 a00612/P/2018 a00609/P/2018 a00610/P/2018 a00611/P/2018 a00613/P/2018 a00614/P/2018 a00615/P/2018 a00615/P/2018 a00609/P/2018 a00610/P/2018 a00611/P/2018 a00612/P/2018 a00613/P/2018 a00614/P/2018 a00613/P/2018 a00609/P/2018 a00610/P/2018 a00611/P/2018 a00612/P/2018 a00614/P/2018 a00615/P/2018 a00614/P/2018 a00609/P/2018 a00610/P/2018 a00611/P/2018 a00612/P/2018 a00613/P/2018 a00615/P/2018